000 00888cam a2200265 4500
001 ABS63484
008 000000n2001 000 0 eng u
035 _a(Sirsi) u110746
100 _aO`Keeffe, D.
245 _aSecond rate
260 _c2001
490 _aProperty Week
_v66(4) 26 January 2001, 94(1)
520 _aConsiders the implications for occupiers of government proposals to allow local authorities to levy a supplementary business rate of up to 5% of the unified business rate poundage in addition to the national non-domestic rate.
590 _aABS
650 _aBUSINESS RATES
650 _aCOMMERICAL PROPERTY
650 _aNATIONAL NON-DOMESTIC RATE
650 _aRATES
650 _aRETAIL PROPERTIES
650 _aSUPPLEMENTARY BUSINESS RATE
650 _aTAX BURDEN
690 _aRATING AND LOCAL TAXATION
700 _aHarrison, P.
942 _n0
999 _c66009
_d66009